000 00796nam a2200241Ia 4500
003 GCL
008 140319s9999 xx 000 0 ara d
040 _aGCL /
_cGCL
082 0 4 _a811.094
_bع ع
100 1 _aمصطفى السعدنى
245 1 0 _aعاشق المحيط والجبل /
_cمصطفى السعدنى
700 1 _aعبدالله بن نوح
260 _a[S.N] :
_bمنشاة المعارف الاسلامية ،
_c1991
300 _a113 ص
490 _aالشعر العربى فى اندونيسيا
_v0
650 0 4 _aالشعر العربى
650 0 4 _aالادب العربى
650 0 4 _aدواوين وقصائد
650 0 4 _aالبلاغة العربية
650 0 4 _aالشعر الاندونيسى
650 0 4 _aتاريخ ونقد
942 _2ddc
_cBK
999 _c33141
_d33141